Urban geography : (Record no. 123111)

MARC details
000 -LEADER
fixed length control field 00751nam a22002417a 4500
005 - DATE AND TIME OF LATEST TRANSACTION
control field 20170124105920.0
010 ## - LIBRARY OF CONGRESS CONTROL NUMBER
LC control number A-991804
020 ## - INTERNATIONAL STANDARD BOOK NUMBER
Terms of availability 00.00
International Standard Book Number 8170227941
035 ## - SYSTEM CONTROL NUMBER
System control number A-991804
037 ## - SOURCE OF ACQUISITION
Source of stock number/acquisition Cen Lib/Ret
040 ## - CATALOGING SOURCE
Original cataloging agency DPL
Language of cataloging EN
082 ## - DEWEY DECIMAL CLASSIFICATION NUMBER
Classification number 307.1216
Item number MAN
100 ## - MAIN ENTRY--PERSONAL NAME
Personal name Mandal, R.B.
9 (RLIN) 4190
245 ## - TITLE STATEMENT
Title Urban geography :
Statement of responsibility, etc by R.B. Mandal
Remainder of title a text book /
246 ## - VARYING FORM OF TITLE
Remainder of title
260 ## - PUBLICATION, DISTRIBUTION, ETC. (IMPRINT)
Name of publisher, distributor, etc Concept Publishing Company
Date of publication, distribution, etc 2000
Place of publication, distribution, etc New Delhi
270 ## - ADDRESS
City New Delhi
Address A-15/16, commercial block, mohan garden
Postal code 110059
300 ## - PHYSICAL DESCRIPTION
Extent 607p.
Dimensions 21cm(Hb)
500 ## - GENERAL NOTE
General note Includes bibliographical references and index
650 ## - SUBJECT ADDED ENTRY--TOPICAL TERM
Topical term or geographic name as entry element Urban Development
Geographic subdivision
9 (RLIN) 4191
650 ## - SUBJECT ADDED ENTRY--TOPICAL TERM
Topical term or geographic name as entry element Policies & Planning
9 (RLIN) 4192
942 ## - ADDED ENTRY ELEMENTS (KOHA)
Source of classification or shelving scheme Dewey Decimal Classification
Koha item type English Books
Classification part 307.1216
Call number suffix MAN
Holdings
Withdrawn status Lost status Damaged status Not for loan Home library Current library Date acquired Source of acquisition Cost, normal purchase price Total Checkouts Full call number Barcode Date last seen Date checked out Copy number Cost, replacement price Price effective from Koha item type
Withdrawn       Central Library Central Library 02/06/2015 Cen Lib/Ret 0.00 1 307.1216 MAN A-991804 27/10/2017 12/10/2017 1 0.00 02/06/2015 English Books

© Delhi Public Library
Hit Counter
free hit counter